000 00629nam a2200205 a 4500
005 20240924070841.0
008 991125 19581974bue 000 0 spa u
035 _aUPN01000033000
049 _aCG
050 4 _aLB1157
_bF3.3 1958
100 1 _aFaure, Madeleine
245 1 3 _aEl jardín de infantes /
_cMadeleine Faure ; pról. Cleotilde Guillén de Rezzano.
260 _aBuenos Aires :
_bKapelusz,
_c1958 (1974 impr.).
300 _a144 p. :
_bil.
440 0 _aBiblioteca de cultura pedagógica ;
_v8
650 4 _aEducación preescolar
_91517
650 2 _aJardín de niños
_937
905 _aLibro
999 _c33000
_d33000